000 003420000a22001570004500
001 002060
003 MACL
040 _aMACL
090 _c14053
_d14052
100 _aPal, Bipin Chandra
245 _aSoul Of India
_cBipin Chandra Pal
260 _aClassics Publication,
_c2000
350 _a200
650 _aPhilosophy
942 _k128
_cBook
999 _c13976
_d13976